| 000 | 00903pam a2200265 a 4500 | ||
|---|---|---|---|
| 001 | 016082272 | ||
| 003 | Uk | ||
| 005 | 20130130141428.0 | ||
| 008 | 121114s2012 enka b 101 0 eng c | ||
| 020 | _a9781137034236 (cased) : | ||
| 020 | _a9781137034243 (pbk.) : | ||
| 082 | 0 | 4 |
_a330.90511 _223 _bGLO |
| 245 | 0 | 4 |
_aThe Global Macro Economy and Finance / _cedited by Franklin Allen ... [et al.]. |
| 260 |
_aBasingstoke : _bPalgrave Macmillan, _c2012. |
||
| 300 |
_axix, 338 p. : _bill. ; _c24 cm. |
||
| 490 | 0 |
_aIEA conference volume ; _vno. 150-III |
|
| 500 |
_aFormerly CIP. _5Uk |
||
| 504 | _aIncludes bibliographical references and index. | ||
| 650 | 0 |
_aEconomic history _y21st century. _930303 |
|
| 650 | 0 |
_aMacroeconomics. _932171 |
|
| 650 | 0 |
_aInternational finance. _932172 |
|
| 653 | 1 |
_aglobal macro economy _bEco _cJanuary2013 |
|
| 700 | 1 |
_aAllen, Franklin, _d1956- _932173 |
|
| 942 |
_2ddc _cBB |
||
| 999 |
_c17179 _d17151 |
||